000 00377nam a2200145Ia 4500
008 230917s9999||||xx |||||||||||||| ||und||
040 _e45844
_aMAIN
041 _aEnglish
082 _a200.1 S23P
100 _aSharma, Arvind
245 0 _aPhillosophy of religion: A buddhist perspective
260 _aDelhi
_bOxford University Press
_c1995
300 _a213 p.
942 _cBK
999 _c85451
_d85451